Catálogo

DESTELLOS (Registro nro. 33032)

Detalles MARC
000 -LEADER
fixed length control field 00418nam a2200169 a 4500
001 - CONTROL NUMBER
control field 33032
005 - DATE AND TIME OF LATEST TRANSACTION
control field 20180714000833.0
008 - FIXED-LENGTH DATA ELEMENTS--GENERAL INFORMATION
fixed length control field 140415s1979 000 0 spa d
041 ## - LANGUAGE CODE
Language code of text/sound track or separate title spa
082 ## - DEWEY DECIMAL CLASSIFICATION NUMBER
Classification number 860
Item number RAB
100 1# - MAIN ENTRY--PERSONAL NAME
Personal name RABATTE Y CERVI, ANA MARIA
245 10 - TITLE STATEMENT
Title DESTELLOS
250 ## - EDITION STATEMENT
Edition statement 5a ed.
260 ## - PUBLICATION, DISTRIBUTION, ETC.
Place of publication, distribution, etc. [s.l.] :
Name of publisher, distributor, etc. LIBROS DE MEXICO,
Date of publication, distribution, etc. 1979
300 ## - PHYSICAL DESCRIPTION
Extent 141
650 14 - SUBJECT ADDED ENTRY--TOPICAL TERM
Topical term or geographic name entry element LITERATURA
General subdivision POESIA
Existencias
Withdrawn status Lost status Source of classification or shelving scheme Damaged status Not for loan Collection code Home library Current library Shelving location Date acquired Source of acquisition Inventory number Total Checkouts Full call number Barcode Date last seen Price effective from Koha item type
    Dewey Decimal Classification     General Biblioteca Karol Wojtyla Biblioteca Karol Wojtyla Sala general 03/12/2013 Compra 151000000000000000033202   860 RAB 50801 05/01/2026 03/12/2013 Libro